000
00354nam a2200157Ia 4500
003
0STCL
008
150530s9999 xx 000 0 und d
040
_a
STCL
_c
STCL
100
_a
Ramsey A.S.
245
_a
Dynamics
260
_b
Cambridge university press
_c
1937
546
_a
English
942
_2
ddc
_c
BK
999
_c
24830
_d
24830
005
20220125170023.0